Bài giảng giải phẫu học thể dục thể thao : Dành cho sinh viên đại học khoa giáo dục thể chất
Sách cung cấp những kiến thức cơ bản về giải phẫu học thể dục thể thao, cụ thể về hình thái, cấu trúc của các cơ quan vận động, những thay đổi của chúng trong từng động tác và ảnh hưởng của động tác lên các cơ quan cơ thể....
Đã lưu trong:
| 主要作者: | |
|---|---|
| 格式: | 图书 |
| 语言: | Undetermined |
| 出版: |
Thành phố Hồ Chí Minh
2005
|
| 主题: | |
| 标签: |
添加标签
没有标签, 成为第一个标记此记录!
|
| Thư viện lưu trữ: | Trung tâm Học liệu Trường Đại học Cần Thơ |
|---|
| LEADER | 01025nam a2200193Ia 4500 | ||
|---|---|---|---|
| 001 | CTU_239201 | ||
| 008 | 210402s9999 xx 000 0 und d | ||
| 082 | |a 612.76 | ||
| 082 | |b Ch309 | ||
| 100 | |a Nguyễn, Đăng Chiêu | ||
| 245 | 0 | |a Bài giảng giải phẫu học thể dục thể thao : | |
| 245 | 0 | |b Dành cho sinh viên đại học khoa giáo dục thể chất | |
| 245 | 0 | |c Nguyễn Đăng Chiêu | |
| 260 | |a Thành phố Hồ Chí Minh | ||
| 260 | |c 2005 | ||
| 520 | |a Sách cung cấp những kiến thức cơ bản về giải phẫu học thể dục thể thao, cụ thể về hình thái, cấu trúc của các cơ quan vận động, những thay đổi của chúng trong từng động tác và ảnh hưởng của động tác lên các cơ quan cơ thể. | ||
| 650 | |a Thể thao,Giải phẫu học,Human anatomy,Sports | ||
| 910 | |b vtbtruc | ||
| 980 | |a Trung tâm Học liệu Trường Đại học Cần Thơ | ||